000
00302nam a22001337a 4500
008
210302b ||||| |||| 00| 0 eng d
020
_a
0697084450
041
_a
eng
080
_a
070
100
_a
39
101
_a
MED
245
_a
Introduction to Human Communication
_c
Gibson,W.J
942
_2
udc
_c
BK
999
_c
55441
_d
55441